[Event "Irish Championship 2008"]
[Site "Dublin IRL"]
[Date "2008.07.10"]
[Round "6"]
[White "O'Connell, Gerard"]
[Black "Jessel, Stephen"]
[Result "0-1"]
[BlackTitle "FM"]
[WhiteElo "2122"]
[BlackElo "2294"]
[WhiteICU "2105"]
[BlackICU "2239"]
[WhiteClub "St. Benildus"]
[BlackClub "Phibsboro"]
[WhiteNationality "IRL"]
[BlackNationality "IRL"]
[WhiteFideId "2500493"]
[BlackFideId "628859"]
[WhiteICUId "1231"]
[BlackICUId "4790"]
[PlyCount "84"]
[EventDate "2008.07.05"]
[Source "ICU web site; TWIC 714"]

{ Source: Mark Orr, <a href="https://www.icu.ie/articles/188">Irish Chess
Championships 2008</a>, ICU web site; TWIC 714. } { Event information: <a
href="https://www.irlchess.com/irlch2008_allfiles/pairings_irlch2008.html">Tournament
report</a>. }

1. d4 e6 2. c4 b6 3. Nc3 Bb7 4. e4 Bb4 5. Bd3 f5 6. f3 fxe4 7. fxe4 Nf6 8.
Bg5 h6 9. Bxf6 Qxf6 10. Nf3 O-O 11. O-O Bxc3 12. bxc3 Qe7 13. Qe2 Nc6 14.
e5 Na5 15. Rf2 g5 16. Raf1 Qg7 17. Nd2 Rxf2 18. Qxf2 Re8 19. Qf6 Re7 20.
Bg6 d6 21. Ne4 Nxc4 22. Ng3 dxe5 23. Nh5 Qxf6 24. Nxf6+ Kg7 25. Bd3 Bd5 26.
Nh5+ Kg8 27. Nf6+ Kh8 28. Re1 e4 29. Nxe4 Rf7 30. Ng3 Nd6 31. a3 a5 32. Nh5
Rf8 33. g4 Kg8 34. h4 gxh4 35. Re5 Rf3 36. Be2 Rxc3 37. g5 Nf7 38. Nf6+ Kg7
39. Nxd5 exd5 40. gxh6+ Kxh6 41. Rxd5 Ng5 42. a4 Nh3+ 0-1

[Event "Irish Championship 2008"]
[Site "Dublin IRL"]
[Date "2008.07.10"]
[Round "6"]
[White "Quinn, Ciaran"]
[Black "Fitzsimons, David"]
[Result "0-1"]
[WhiteElo "2156"]
[BlackElo "2133"]
[WhiteICU "1923"]
[BlackICU "2118"]
[WhiteClub "Elm Mount"]
[BlackClub "Elm Mount"]
[WhiteNationality "IRL"]
[BlackNationality "IRL"]
[WhiteFideId "2500817"]
[BlackFideId "2501961"]
[WhiteICUId "1398"]
[BlackICUId "6236"]
[PlyCount "50"]
[EventDate "2008.07.05"]
[Source "ICU web site; TWIC 714"]
[WhiteFullName "Quinn, Ciar&aacute;n"]

{ Source: Mark Orr, <a href="https://www.icu.ie/articles/188">Irish Chess
Championships 2008</a>, ICU web site; TWIC 714. } { Event information: <a
href="https://www.irlchess.com/irlch2008_allfiles/pairings_irlch2008.html">Tournament
report</a>. }

1. d4 Nf6 2. c4 e6 3. Nc3 Bb4 4. Qc2 O-O 5. Bg5 c5 6. e3 h6 7. Bh4 cxd4 8.
exd4 Nc6 9. Nf3 d5 10. Rd1 b6 11. a3 Bxc3+ 12. Qxc3 Bb7 13. Bd3 Rc8 14. c5
bxc5 15. Qxc5 Ne5 16. Qxa7 Nxd3+ 17. Rxd3 Rc1+ 18. Rd1 Rxd1+ 19. Kxd1 Qc7
20. Bxf6 gxf6 21. Qc5 Qd7 22. Kd2 Rc8 23. Qb4 Qc6 24. Qc3 Qa4 25. Qb4 Qc2+
0-1

[Event "Irish Championship 2008"]
[Site "Dublin IRL"]
[Date "2008.07.10"]
[Round "6"]
[White "Fox, Anthony"]
[Black "Griffiths, Ryan-Rhys"]
[Result "1/2-1/2"]
[WhiteElo "2068"]
[BlackElo "2069"]
[WhiteICU "2054"]
[BlackICU "2100"]
[WhiteClub "Dun Laoghaire"]
[BlackClub "Kilkenny"]
[BlackNationality "IRL"]
[WhiteFideId "2500736"]
[BlackFideId "2502054"]
[WhiteICUId "456"]
[BlackICUId "6897"]
[PlyCount "45"]
[EventDate "2008.07.05"]
[Source "ICU web site; TWIC 714"]

{ Source: Mark Orr, <a href="https://www.icu.ie/articles/188">Irish Chess
Championships 2008</a>, ICU web site; TWIC 714. } { Event information: <a
href="https://www.irlchess.com/irlch2008_allfiles/pairings_irlch2008.html">Tournament
report</a>. }

1. e4 c5 2. Nc3 d6 3. g3 g6 4. Bg2 Bg7 5. d3 Nc6 6. Be3 e5 7. Qd2 Nge7 8.
f4 Nd4 9. Nf3 O-O 10. O-O exf4 11. Bxf4 Nxf3+ 12. Rxf3 Qb6 13. Rb1 Be6 14.
Bh6 Rae8 15. Bxg7 Kxg7 16. Rf2 f6 17. b3 Qd8 18. Rbf1 d5 19. exd5 Nxd5 20.
Nxd5 Bxd5 21. Re1 Bxg2 22. Kxg2 Rxe1 23. Qxe1 1/2-1/2

[Event "Irish Championship 2008"]
[Site "Dublin IRL"]
[Date "2008.07.10"]
[Round "6"]
[White "Healy, John"]
[Black "Weeks, Manuel"]
[Result "0-1"]
[BlackTitle "FM"]
[WhiteElo "1864"]
[BlackElo "2174"]
[WhiteICU "1777"]
[WhiteClub "St. Benildus"]
[BlackClub "Dun Laoghaire"]
[WhiteNationality "IRL"]
[BlackNationality "AUS"]
[WhiteFideId "2500965"]
[BlackFideId "3202500"]
[WhiteICUId "4563"]
[PlyCount "138"]
[EventDate "2008.07.05"]
[Source "ICU web site; TWIC 714"]

{ Source: Mark Orr, <a href="https://www.icu.ie/articles/188">Irish Chess
Championships 2008</a>, ICU web site; TWIC 714. } { Event information: <a
href="https://www.irlchess.com/irlch2008_allfiles/pairings_irlch2008.html">Tournament
report</a>. }

1. d4 Nf6 2. c4 e6 3. Nf3 Bb4+ 4. Bd2 Qe7 5. a3 Bxd2+ 6. Nbxd2 d6 7. e4 e5
8. d5 O-O 9. Be2 a5 10. O-O Na6 11. Ne1 Nc5 12. Bf3 a4 13. Qe2 Nfd7 14. Nd3
Nxd3 15. Qxd3 Nc5 16. Qe2 Qg5 17. Rfb1 Bd7 18. Qe3 Qxe3 19. fxe3 Rfb8 20.
b4 axb3 21. Nxb3 Nxb3 22. Rxb3 b6 23. a4 Ra5 24. Rba3 Rba8 25. Bd1 Rc5 26.
Be2 Bc8 27. Kf2 Raa5 28. Rb3 Bd7 29. Rb4 Ra8 30. Kg3 Rca5 31. Bd1 g6 32.
Bc2 Kg7 33. Kf3 h5 34. Ke2 Kh6 35. Ra2 h4 36. Kf3 Kh5 37. Ra1 g5 38. Ke2
Kg6 39. Kf3 Rf8 40. Rb2 Rc5 41. Rb4 g4+ 42. Ke2 Kg5 43. Rf1 f6 44. Bb1 Ra8
45. Bc2 Rca5 46. Ra1 Rf8 47. Rbb1 Rfa8 48. Rb4 Be8 49. Kd2 g3 50. h3 Bd7
51. Ke2 Rf8 52. Rf1 Raa8 53. Rf3 f5 54. exf5 Bxf5 55. Rxf5+ Rxf5 56. Bxf5
Kxf5 57. Kf3 Rf8 58. Rb1 Kg5+ 59. Ke4 Rf2 60. Rg1 Ra2 61. Kd3 Rxa4 62. Rc1
Ra2 63. Rc2 Ra1 64. Kd2 Kf5 65. Rc1 Rxc1 66. Kxc1 Ke4 67. Kd2 b5 68. cxb5
Kxd5 69. Kd3 e4+ 0-1

[Event "Irish Championship 2008"]
[Site "Dublin IRL"]
[Date "2008.07.10"]
[Round "6"]
[White "Hebden, Mark"]
[Black "Baburin, Alexander"]
[Result "0-1"]
[WhiteTitle "GM"]
[BlackTitle "GM"]
[WhiteElo "2520"]
[BlackElo "2526"]
[BlackICU "2534"]
[BlackClub "Kilkenny"]
[WhiteNationality "ENG"]
[BlackNationality "IRL"]
[WhiteFideId "400084"]
[BlackFideId "2500914"]
[WhiteICUId "7292"]
[BlackICUId "7085"]
[PlyCount "88"]
[EventDate "2008.07.05"]
[Source "ICU web site; TWIC 714"]

{ Source: Mark Orr, <a href="https://www.icu.ie/articles/188">Irish Chess
Championships 2008</a>, ICU web site; TWIC 714. } { Event information: <a
href="https://www.irlchess.com/irlch2008_allfiles/pairings_irlch2008.html">Tournament
report</a>. }

1. d4 d5 2. Nf3 Nf6 3. c4 dxc4 4. e3 a6 5. Bxc4 e6 6. O-O b5 7. Bb3 Bb7 8.
a4 b4 9. Nbd2 c5 10. a5 Nbd7 11. Ba4 Be7 12. dxc5 Bxc5 13. e4 O-O 14. e5
Nd5 15. Ne4 Be7 16. Qd4 Qxa5 17. Bg5 Qd8 18. Nd6 Bxg5 19. Nxb7 Qc7 20. Nxg5
Qxb7 21. Qd3 g6 22. Qh3 h5 23. f4 Nc5 24. Bd1 Kg7 25. g4 Rh8 26. gxh5 Rad8
27. Rc1 Qb6 28. Kh1 Qb5 29. Bg4 Nd3 30. Qg3 Nxc1 31. Rxc1 Ne7 32. hxg6 Nxg6
33. Bf3 Rd2 34. h3 Qd3 35. Ne4 Rxb2 36. Nd6 Rb1 37. Rxb1 Qxb1+ 38. Kh2 Qc1
39. f5 Qb2+ 40. Bg2 Qxe5 41. fxg6 Qxg3+ 42. Kxg3 Kxg6 43. h4 a5 44. Bc6 b3
0-1

[Event "Irish Championship 2008"]
[Site "Dublin IRL"]
[Date "2008.07.10"]
[Round "6"]
[White "Daly, Colm"]
[Black "Short, Philip"]
[Result "1-0"]
[WhiteTitle "FM"]
[BlackTitle "FM"]
[WhiteElo "2311"]
[BlackElo "2300"]
[WhiteICU "2277"]
[BlackICU "2271"]
[WhiteNationality "IRL"]
[BlackNationality "IRL"]
[WhiteFideId "2500434"]
[BlackFideId "2500086"]
[WhiteICUId "295"]
[BlackICUId "1557"]
[PlyCount "127"]
[EventDate "2008.07.05"]
[Source "ICU web site; TWIC 714"]

{ Source: Mark Orr, <a href="https://www.icu.ie/articles/188">Irish Chess
Championships 2008</a>, ICU web site; TWIC 714. } { Event information: <a
href="https://www.irlchess.com/irlch2008_allfiles/pairings_irlch2008.html">Tournament
report</a>. }

1. e4 e5 2. Nf3 Nc6 3. Bb5 a6 4. Ba4 Nf6 5. O-O Be7 6. Re1 b5 7. Bb3 d6 8.
c3 O-O 9. h3 Nb8 10. d4 Nbd7 11. Nbd2 Bb7 12. Bc2 Re8 13. Nf1 Bf8 14. Ng3
g6 15. a4 c5 16. d5 c4 17. Bg5 h6 18. Be3 Nc5 19. Qd2 Kh7 20. Nh2 Bg7 21.
Rf1 Qe7 22. Rae1 Nfd7 23. Ne2 Rf8 24. f3 Rab8 25. Ra1 Ra8 26. Ra3 Nb6 27.
a5 Nbd7 28. Nc1 Rac8 29. Na2 Nf6 30. g4 Nfd7 31. Nb4 Rfe8 32. Kg2 Bf6 33.
Rh1 Bg5 34. Nf1 Bxe3 35. Qxe3 Qg5 36. h4 Qxe3 37. Nxe3 Kg7 38. Raa1 Rc7 39.
Kf2 Nf6 40. Rag1 Bc8 41. Rg2 Rh8 42. Ke2 Bd7 43. Rhg1 Rhc8 44. Kd2 Ra8 45.
Rf2 Re8 46. Ra1 Rh8 47. Nf1 Bc8 48. Ng3 Bd7 49. Raf1 Bc8 50. Rh2 Bd7 51.
Rfh1 Bc8 52. h5 g5 53. Nf1 Ng8 54. Ne3 Ne7 55. Rb1 Bd7 56. Rhh1 Ra8 57.
Rhc1 Kf8 58. b3 cxb3 59. Bxb3 Ke8 60. Bd1 Nc8 61. Be2 Na7 62. c4 Rb8 63.
cxb5 Nxb5 64. Rxc5 1-0

[Event "Irish Championship 2008"]
[Site "Dublin IRL"]
[Date "2008.07.11"]
[Round "7"]
[White "Baburin, Alexander"]
[Black "Jessel, Stephen"]
[Result "1-0"]
[WhiteTitle "GM"]
[BlackTitle "FM"]
[WhiteElo "2526"]
[BlackElo "2294"]
[WhiteICU "2534"]
[BlackICU "2239"]
[WhiteClub "Kilkenny"]
[BlackClub "Phibsboro"]
[WhiteNationality "IRL"]
[BlackNationality "IRL"]
[WhiteFideId "2500914"]
[BlackFideId "628859"]
[WhiteICUId "7085"]
[BlackICUId "4790"]
[PlyCount "121"]
[EventDate "2008.07.05"]
[Source "ICU web site; TWIC 714"]

{ Annotator: Alexander Baburin, <a href="http://www.icu.ie/games/29148">ICU
games archive</a>. } { Source: Mark Orr, <a
href="https://www.icu.ie/articles/188">Irish Chess Championships 2008</a>,
ICU web site; TWIC 714. } { Event information: <a
href="https://www.irlchess.com/irlch2008_allfiles/pairings_irlch2008.html">Tournament
report</a>. }

1. d4 e6 2. c4 d5 3. Nf3 c6 4. e3 Nf6 5. Bd3 Nbd7 6. O-O Bd6 7. Nbd2 O-O 8.
e4 e5 9. cxd5 cxd5 10. exd5 exd4 11. Ne4 Nxe4 12. Bxe4 Nf6 13. Bg5 Be7 14.
Bc2 Nxd5 15. Bxe7 Qxe7 16. Re1 Qf6 17. Qd3 g6 18. Qxd4 Qxd4 19. Nxd4 b6 20.
Be4 Bb7 21. Nb5 Rfd8 22. Rac1 Rd7 23. Red1 Rad8 24. Kh1 Nb4 25. Rxd7 Rxd7
26. Bxb7 Rxb7 27. a3 Nd3 28. Rc2 Re7 29. h3 a6 30. Nd4 Re1+ 31. Kh2 Rb1 32.
b3 a5 33. Rc6 Nxf2 34. Rxb6 a4 35. Rb4 axb3 36. Rxb3 Ra1 37. Re3 Rd1 38.
Nf3 f5 39. Kg3 Nd3 40. Re8+ Kf7 41. Rd8 f4+ 42. Kh4 Kf6 43. a4 Nb2 44. Rxd1
Nxd1 45. Kg4 Nc3 46. a5 Nd5 47. Nd2 h5+ 48. Kf3 Kf5 49. h4 g5 50. hxg5 Kxg5
51. a6 h4 52. Nc4 Nc7 53. a7 Na8 54. Ne5 Kf5 55. Nd3 Nc7 56. Nxf4 Na8 57.
Nd5 Kg5 58. Ne3 Nb6 59. Ke4 Na8 60. Kd5 Kf4 61. Nf1 1-0

[Event "Irish Championship 2008"]
[Site "Dublin IRL"]
[Date "2008.07.11"]
[Round "7"]
[White "Greenfeld, Alon"]
[Black "Weeks, Manuel"]
[Result "1-0"]
[WhiteTitle "GM"]
[BlackTitle "FM"]
[WhiteElo "2545"]
[BlackElo "2174"]
[BlackClub "Dun Laoghaire"]
[WhiteNationality "ISR"]
[BlackNationality "AUS"]
[WhiteFideId "2800039"]
[BlackFideId "3202500"]
[PlyCount "95"]
[EventDate "2008.07.05"]
[Source "ICU web site; TWIC 714"]

{ Source: Mark Orr, <a href="https://www.icu.ie/articles/188">Irish Chess
Championships 2008</a>, ICU web site; TWIC 714. } { Event information: <a
href="https://www.irlchess.com/irlch2008_allfiles/pairings_irlch2008.html">Tournament
report</a>. }

1. Nf3 Nf6 2. c4 c5 3. Nc3 Nc6 4. d4 cxd4 5. Nxd4 g6 6. e4 d6 7. Nc2 Bg7 8.
Be2 O-O 9. O-O Nd7 10. Bd2 Nc5 11. b4 Ne6 12. Rc1 a5 13. b5 Ncd4 14. Nxd4
Nxd4 15. Be3 e5 16. Qd2 Be6 17. Bd3 a4 18. Ne2 Qa5 19. Qxa5 Rxa5 20. Nxd4
exd4 21. Bf4 Be5 22. Bd2 Raa8 23. f4 Bf6 24. Bb4 Rfd8 25. f5 gxf5 26. exf5
Bc8 27. Be4 Re8 28. Bd5 Re2 29. Bxd6 Rxa2 30. Rce1 Bd7 31. Bxb7 Rd8 32. Bc7
Re8 33. Rxe8+ Bxe8 34. b6 d3 35. Bf3 Bd4+ 36. Kh1 Rb2 37. b7 Ba7 38. Bd6 d2
39. Rd1 Bd7 40. c5 a3 41. c6 Bxc6 42. Bxc6 a2 43. Be5 Rb1 44. Bf3 Bb8 45.
Bf6 Rb6 46. Ba1 Rb1 47. g3 f6 48. Bxf6 1-0

[Event "Irish Championship 2008"]
[Site "Dublin IRL"]
[Date "2008.07.11"]
[Round "7"]
[White "Fitzsimons, David"]
[Black "Redmond, John P."]
[Result "0-1"]
[WhiteElo "2133"]
[BlackElo "2188"]
[WhiteICU "2118"]
[WhiteClub "Elm Mount"]
[BlackClub "Atticus ENG"]
[WhiteNationality "IRL"]
[BlackNationality "IRL"]
[WhiteFideId "2501961"]
[BlackFideId "2500051"]
[WhiteICUId "6236"]
[BlackICUId "1422"]
[PlyCount "64"]
[EventDate "2008.07.05"]
[Source "ICU web site; TWIC 714"]

{ Source: Mark Orr, <a href="https://www.icu.ie/articles/188">Irish Chess
Championships 2008</a>, ICU web site; TWIC 714. } { Event information: <a
href="https://www.irlchess.com/irlch2008_allfiles/pairings_irlch2008.html">Tournament
report</a>. }

1. e4 e6 2. d4 d5 3. Nc3 Bb4 4. e5 b6 5. Qg4 Bf8 6. Bg5 Qd7 7. Nf3 Nc6 8.
Bb5 a6 9. Bxc6 Qxc6 10. O-O Bb7 11. Rac1 h6 12. Be3 Ne7 13. Ne2 Qd7 14. b3
O-O-O 15. c4 dxc4 16. bxc4 Nf5 17. Rfd1 Ba3 18. Rc3 Qa4 19. Rb1 g5 20. Ng3
Nxe3 21. fxe3 Bb4 22. Rcb3 Be7 23. d5 Rxd5 24. Ne4 Rdd8 25. Nd4 h5 26. Qf3
Qxc4 27. R3b2 Rxd4 28. exd4 Qxd4+ 29. Qf2 Qxe4 30. Qxf7 Bc5+ 31. Kh1 Qxe5
32. Rd2 Bd6 0-1

[Event "Irish Championship 2008"]
[Site "Dublin IRL"]
[Date "2008.07.11"]
[Round "7"]
[White "Short, Philip"]
[Black "Griffiths, Ryan-Rhys"]
[Result "1-0"]
[WhiteTitle "FM"]
[WhiteElo "2300"]
[BlackElo "2069"]
[WhiteICU "2271"]
[BlackICU "2100"]
[BlackClub "Kilkenny"]
[WhiteNationality "IRL"]
[BlackNationality "IRL"]
[WhiteFideId "2500086"]
[BlackFideId "2502054"]
[WhiteICUId "1557"]
[BlackICUId "6897"]
[PlyCount "47"]
[EventDate "2008.07.05"]
[Source "ICU web site; TWIC 714"]

{ Source: Mark Orr, <a href="https://www.icu.ie/articles/188">Irish Chess
Championships 2008</a>, ICU web site; TWIC 714. } { Event information: <a
href="https://www.irlchess.com/irlch2008_allfiles/pairings_irlch2008.html">Tournament
report</a>. }

1. d4 Nf6 2. Nf3 e6 3. c4 Nc6 4. g3 d5 5. Bg2 dxc4 6. O-O Rb8 7. a4 Na5 8.
Nbd2 c5 9. Qc2 cxd4 10. Nxc4 d3 11. exd3 Nd5 12. d4 Nxc4 13. Qxc4 Be7 14.
Ne5 O-O 15. Rd1 Qd6 16. b3 f6 17. Nd3 b6 18. Nf4 Nc7 19. Ba3 Qd8 20. Bxe7
Qxe7 21. Rac1 Ne8 22. Re1 Nd6 23. Qc7 Rf7 24. Qxb8 1-0

[Event "Irish Championship 2008"]
[Site "Dublin IRL"]
[Date "2008.07.11"]
[Round "7"]
[White "Loughran, John"]
[Black "Keogh, Eamon"]
[Result "1-0"]
[BlackTitle "NM"]
[WhiteElo "1805"]
[BlackElo "2092"]
[WhiteICU "1654"]
[BlackICU "2026"]
[WhiteClub "Elm Mount"]
[BlackClub "Kilkenny"]
[WhiteNationality "IRL"]
[BlackNationality "IRL"]
[WhiteFideId "2501562"]
[BlackFideId "2500264"]
[WhiteICUId "795"]
[BlackICUId "731"]
[PlyCount "51"]
[EventDate "2008.07.05"]
[Source "ICU web site; TWIC 714"]

{ Source: Mark Orr, <a href="https://www.icu.ie/articles/188">Irish Chess
Championships 2008</a>, ICU web site; TWIC 714. } { Event information: <a
href="https://www.irlchess.com/irlch2008_allfiles/pairings_irlch2008.html">Tournament
report</a>. }

1. d4 Nf6 2. c4 e5 3. dxe5 Ne4 4. Nf3 Bc5 5. e3 O-O 6. Bd3 d5 7. exd6 Nxd6
8. a3 a5 9. O-O Bg4 10. Nc3 f5 11. Be2 c6 12. b3 Qe7 13. Nd4 Bxe2 14. Ndxe2
Nd7 15. Bb2 Rad8 16. Qc2 Ba7 17. Rad1 Ne5 18. Nd4 Rf6 19. Nce2 Rdf8 20. Nf4
Rh6 21. c5 Qg5 22. f3 Ne8 23. Nde6 Rxe6 24. Nxe6 Qxe3+ 25. Kh1 Rf6 26. Bc1
1-0

[Event "Irish Championship 2008"]
[Site "Dublin IRL"]
[Date "2008.07.11"]
[Round "7"]
[White "Hebden, Mark"]
[Black "Daly, Colm"]
[Result "1/2-1/2"]
[WhiteTitle "GM"]
[BlackTitle "FM"]
[WhiteElo "2520"]
[BlackElo "2311"]
[BlackICU "2277"]
[WhiteNationality "ENG"]
[BlackNationality "IRL"]
[WhiteFideId "400084"]
[BlackFideId "2500434"]
[WhiteICUId "7292"]
[BlackICUId "295"]
[PlyCount "107"]
[EventDate "2008.07.05"]
[Source "ICU web site; TWIC 714"]

{ Source: Mark Orr, <a href="https://www.icu.ie/articles/188">Irish Chess
Championships 2008</a>, ICU web site; TWIC 714. } { Event information: <a
href="https://www.irlchess.com/irlch2008_allfiles/pairings_irlch2008.html">Tournament
report</a>. }

1. d4 Nf6 2. Nf3 e6 3. e3 c5 4. c4 a6 5. Nc3 d5 6. cxd5 exd5 7. g3 Nc6 8.
Bg2 c4 9. Ne5 Bb4 10. O-O O-O 11. Bd2 Qd6 12. Nxc6 bxc6 13. a3 Bxc3 14.
Bxc3 Re8 15. b3 cxb3 16. Qxb3 Bf5 17. Rfc1 h5 18. Qb6 Reb8 19. Qc5 Qxc5 20.
dxc5 Ne4 21. Be1 Rb5 22. f3 Ng5 23. h4 Ne6 24. Bf2 Bd3 25. e4 d4 26. Ra2
Rab8 27. Rd2 Rb1 28. Rxb1 Rxb1+ 29. Kh2 Rb3 30. Bh3 Bc4 31. Bxd4 Rxa3 32.
f4 Rd3 33. Rxd3 Bxd3 34. Bxe6 fxe6 35. Bc3 Bxe4 36. Kg1 Kh7 37. Kf2 Kg6 38.
Ke3 Bb1 39. Ba5 Kf5 40. Bd8 e5 41. fxe5 Kxe5 42. Bb6 g6 43. Kd2 Kd4 44. Kc1
Bf5 45. Kb2 Kc4 46. Ba7 Kb4 47. Bb6 a5 48. Ba7 a4 49. Bb6 a3+ 50. Ka1 Bc2
51. Ba7 Bb3 52. Bb6 Kc4 53. Ba7 Kd5 54. Bb6 1/2-1/2

[Event "Irish Championship 2008"]
[Site "Dublin IRL"]
[Date "2008.07.11"]
[Round "7"]
[White "Fox, Anthony"]
[Black "O'Connell, Gerard"]
[Result "1-0"]
[WhiteElo "2068"]
[BlackElo "2122"]
[WhiteICU "2054"]
[BlackICU "2105"]
[WhiteClub "Dun Laoghaire"]
[BlackClub "St. Benildus"]
[BlackNationality "IRL"]
[WhiteFideId "2500736"]
[BlackFideId "2500493"]
[WhiteICUId "456"]
[BlackICUId "1231"]
[PlyCount "59"]
[EventDate "2008.07.05"]
[Source "ICU web site; TWIC 714"]

{ Source: Mark Orr, <a href="https://www.icu.ie/articles/188">Irish Chess
Championships 2008</a>, ICU web site; TWIC 714. } { Event information: <a
href="https://www.irlchess.com/irlch2008_allfiles/pairings_irlch2008.html">Tournament
report</a>. }

1. e4 c5 2. Nc3 Nc6 3. g3 g6 4. Bg2 Bg7 5. d3 d6 6. Be3 Rb8 7. Qd2 b5 8.
Nge2 b4 9. Nd1 e5 10. O-O Nge7 11. Bh6 O-O 12. Bxg7 Kxg7 13. Ne3 Be6 14. f4
f6 15. g4 exf4 16. Nxf4 Qd7 17. h3 Ne5 18. c3 bxc3 19. bxc3 Rb7 20. Rab1
Rfb8 21. Rxb7 Rxb7 22. Nxe6+ Qxe6 23. d4 Nd7 24. e5 d5 25. exf6+ Nxf6 26.
dxc5 Rd7 27. g5 Ne4 28. Qd4+ Kg8 29. Ng4 Nc6 30. Nh6# 1-0

[Event "Irish Championship 2008"]
[Site "Dublin IRL"]
[Date "2008.07.11"]
[Round "7"]
[White "Benson, Oisin P."]
[Black "Healy, John"]
[Result "0-1"]
[WhiteElo "1852"]
[BlackElo "1864"]
[WhiteICU "1785"]
[BlackICU "1777"]
[WhiteClub "St. Benildus"]
[BlackClub "St. Benildus"]
[WhiteNationality "IRL"]
[BlackNationality "IRL"]
[WhiteFideId "2501821"]
[BlackFideId "2500965"]
[WhiteICUId "5884"]
[BlackICUId "4563"]
[PlyCount "72"]
[EventDate "2008.07.05"]
[Source "ICU web site; TWIC 714"]
[WhiteFullName "Benson, Ois&iacute;n P."]

{ Source: Mark Orr, <a href="https://www.icu.ie/articles/188">Irish Chess
Championships 2008</a>, ICU web site; TWIC 714. } { Event information: <a
href="https://www.irlchess.com/irlch2008_allfiles/pairings_irlch2008.html">Tournament
report</a>. }

1. d4 Nf6 2. Nf3 e6 3. e3 b6 4. Bd3 Bb7 5. O-O c5 6. Nbd2 cxd4 7. exd4 d5
8. b3 Nc6 9. a3 Bd6 10. Bb2 Ng4 11. h3 h5 12. g3 Qf6 13. Qe2 O-O-O 14. c4
Nh6 15. Rfc1 Kb8 16. Rab1 Nf5 17. Bxf5 Qxf5 18. c5 Bc7 19. h4 g5 20. Nxg5
Rdg8 21. Qf3 Rxg5 22. hxg5 Qxg5 23. Nf1 h4 24. b4 hxg3 25. fxg3 Rg8 26. Kf2
Rg6 27. Ke1 Rf6 28. Qd3 Qg4 29. b5 Rf3 30. Qe2 Bxg3+ 31. Nxg3 Qxg3+ 32. Kd1
Rf2 33. bxc6 Rxe2 34. Kxe2 Ba6+ 35. Rc4 Bxc4+ 36. Kd2 Qd3+ 0-1

[Event "Irish Championship 2008"]
[Site "Dublin IRL"]
[Date "2008.07.11"]
[Round "7"]
[White "Carosso, Andrea"]
[Black "Short, Stephen"]
[Result "1/2-1/2"]
[WhiteElo "2046"]
[BlackElo "2033"]
[BlackICU "1871"]
[BlackClub "Cork"]
[WhiteNationality "ITA"]
[BlackNationality "IRL"]
[WhiteFideId "814288"]
[BlackFideId "2500108"]
[BlackICUId "1497"]
[PlyCount "106"]
[EventDate "2008.07.05"]
[Source "ICU web site; TWIC 714"]

{ Source: Mark Orr, <a href="https://www.icu.ie/articles/188">Irish Chess
Championships 2008</a>, ICU web site; TWIC 714. } { Event information: <a
href="https://www.irlchess.com/irlch2008_allfiles/pairings_irlch2008.html">Tournament
report</a>. }

1. d4 Nf6 2. c4 g6 3. Nc3 Bg7 4. e4 d6 5. f3 O-O 6. Nge2 c5 7. Be3 Nc6 8.
Qd2 b6 9. h4 h5 10. O-O-O Bd7 11. Nd5 Nxd5 12. cxd5 cxd4 13. Nxd4 Nxd4 14.
Bxd4 Bxd4 15. Qxd4 Rc8+ 16. Kb1 Qc7 17. Qd2 Kg7 18. Ba6 Rcd8 19. Rc1 Qb8
20. Qc3+ Kg8 21. Qc7 Rfe8 22. Qxb8 Rxb8 23. Rc7 Red8 24. Rxa7 Ra8 25. Rxa8
Rxa8 26. Bd3 Kg7 27. Rc1 Ra7 28. Rc3 b5 29. Rb3 Ra5 30. a3 Kf6 31. Kc2 Ke5
32. g3 Kd4 33. Kd2 f6 34. Rb4+ Kc5 35. Ke3 Ra8 36. Rb3 g5 37. Rc3+ Kb6 38.
Be2 gxh4 39. gxh4 Rg8 40. Kf2 Bh3 41. Rc6+ Kb7 42. Rc1 Rg2+ 43. Ke3 Bd7 44.
Rh1 Kb6 45. Kd2 Ka5 46. b3 f5 47. exf5 Bxf5 48. Ke1 Bc2 49. Kf1 Rg8 50. b4+
Ka4 51. Kf2 Kxa3 52. Bxb5 Kxb4 53. Bc6 Kc3 1/2-1/2